[Event "I Torneo Internacional de Ajed"]
[Site "Barcelona"]
[Date "2008.09.14"]
[Round "9"]
[White "Fluvia Poyatos, Jordi"]
[Black "Llaneza Vega, Marcos"]
[Result "1/2-1/2"]
[WhiteElo "2500"]
[BlackElo "2468"]
[PlyCount "59"]
[EventDate "2008.09.08"]
[EventRounds "9"]
[EventCountry "ESP"]

1. Nf3 Nf6 2. c4 g6 3. Nc3 d5 4. cxd5 Nxd5 5. e4 Nxc3 6. bxc3 Bg7 7. d4 c5 8.
Rb1 O-O 9. Be2 cxd4 10. cxd4 Qa5+ 11. Bd2 Qxa2 12. O-O Bg4 13. Bg5 h6 14. Be3
Nc6 15. d5 Bxf3 16. Bxf3 Ne5 17. Rxb7 a5 18. Bc5 a4 19. Bxe7 Rfb8 20. Rxb8+
Rxb8 21. d6 Qe6 22. Qxa4 Nxf3+ 23. gxf3 Qh3 24. Qa5 Qxf3 25. Qc7 Qg4+ 26. Kh1
Qf3+ 27. Kg1 Qg4+ 28. Kh1 Qf3+ 29. Kg1 Qg4+ 30. Kh1 1/2-1/2